000 00250nam a2200097Ia 4500
001 715840
005 20250826162933.0
008 250824s9999 xx 000 0 und d
245 0 _aBAHÇEMDE YEŞEREN UMUTLAR
_cDEBBIE MACOMBER
260 _bMARTI YAYINLARI
999 _c715840
_d715840